000 00493nam a2200169 4500
001 111218
003 ES-MaACL
005 20230906185250.0
007 t|
008 061121s1965 sp r ||||1| cat d
100 1 _aOleart de Bel, María.
_986700
245 1 3 _aLa mort i altres coses /
_cMaría Oleart de Bel ; proleg Pere Ribot.
260 _aBarcelona :
_bTorrell de Reus,
_c1965.
300 _a56 p. ;
_c18 cm.
700 1 _aRibot, Pere.
_996837
852 _aES-MaACL
_jC-29669
_bR.58063
999 _c111218
_d111218